[Event "Tournoi d'Hiver 2010"]
[Site "CRELEL"]
[Date "2010.12.17"]
[Round "3"]
[White "Albert, Julien"]
[Black "Ancion, Merowig"]
[Result "1-0"]
[WhiteElo "1673"]
[BlackElo "1808"]
[PlyCount "49"]
[EventDate "2010.??.??"]

1. e4 e5 2. Nf3 Nc6 3. Bb5 Nf6 4. O-O d6 5. Re1 Bg4 6. c3 a6 7. Ba4 b5 8. Bb3
Be7 9. d4 Bxf3 10. Qxf3 exd4 11. e5 Nxe5 12. Qg3 O-O 13. cxd4 Ng6 14. Nc3 d5
15. Bg5 c6 16. Qd3 h6 17. Bd2 Bd6 18. Bc2 Qd7 19. Ne2 Ne4 20. Be3 Rfe8 21. f3
Nf6 22. Ng3 Qc7 23. Kf2 Nf4 24. Bxf4 Bxf4 25. Nh5 1-0

[Event "Tournoi d'Hiver 2010"]
[Site "CRELEL"]
[Date "2011.01.28"]
[Round "7"]
[White "Ancion, Merowig"]
[Black "Champt, Victor"]
[Result "1-0"]
[WhiteElo "1808"]
[BlackElo "1616"]
[PlyCount "84"]
[EventDate "2010.??.??"]

1. d4 d5 2. Nf3 Nf6 3. e3 Bf5 4. b3 e6 5. Bd3 Bxd3 6. cxd3 Nc6 7. O-O Bd6 8.
Bb2 O-O 9. Ne5 Bxe5 10. dxe5 Nd7 11. f4 Ne7 12. e4 dxe4 13. dxe4 c6 14. Nd2 b5
15. Qe2 Qc7 16. Ba3 Rfe8 17. Rac1 Qb6+ 18. Kh1 Rad8 19. Nf3 b4 20. Bb2 Qa5 21.
Ba1 c5 22. Rc2 Qb6 23. Nd2 Nc6 24. Nc4 Qa6 25. Qf2 Rf8 26. f5 Nd4 27. Bxd4 cxd4
28. f6 g6 29. Qd2 Kh8 30. Qh6 Rg8 31. Rf3 Nf8 32. Nd6 Rxd6 33. exd6 Qxd6 34.
Rc8 e5 35. Kg1 a6 36. Rh3 d3 37. Rxf8 Qd4+ 38. Re3 Qxe3+ 39. Qxe3 Rxf8 40. Qxd3
h5 41. Qxa6 Re8 42. Qc4 Re6 1-0

[Event "Tournoi d'Hiver 2010"]
[Site "CRELEL"]
[Date "2010.12.10"]
[Round "2"]
[White "Ancion, Merowig"]
[Black "Magis, Pierre"]
[Result "0-1"]
[WhiteElo "1808"]
[BlackElo "1646"]
[PlyCount "52"]
[EventDate "2010.??.??"]

1. e4 d6 2. d4 Nf6 3. Nc3 g6 4. f4 Bg7 5. Nf3 O-O 6. h3 c5 7. Be3 cxd4 8. Bxd4
Nc6 9. Be3 e5 10. Bc4 a6 11. O-O exf4 12. Bxf4 Qb6+ 13. Kh1 Qxb2 14. Bd2 Nh5
15. Rb1 Qa3 16. Qe1 Qc5 17. Bd5 b5 18. Ng5 Ra7 19. Rd1 Re7 20. Bxc6 Qxc6 21.
Nd5 Ree8 22. g4 h6 23. gxh5 hxg5 24. hxg6 f5 25. Bxg5 Rxe4 26. Ne7+ Rxe7+ 0-1

[Event "Tournoi d'Hiver 2010"]
[Site "CRELEL"]
[Date "2011.01.07"]
[Round "?"]
[White "Arabia, Allan"]
[Black "Pitz, Luc"]
[Result "1-0"]
[WhiteElo "1197"]
[BlackElo "1444"]
[PlyCount "69"]
[EventDate "2010.??.??"]

1. e4 c6 2. Nf3 d5 3. e5 Bf5 4. d4 e6 5. a3 Qc7 6. Bf4 Ne7 7. h3 Ng6 8. Qd2
Nxf4 9. Qxf4 Bxc2 10. Nc3 Be7 11. Ng5 O-O 12. Rc1 Bg6 13. h4 f6 14. Nxe6 Qb6
15. Nxf8 Kxf8 16. b4 Kg8 17. h5 fxe5 18. Qxe5 Bf6 19. Qe6+ Bf7 20. Qc8+ Qd8 21.
Qxd8+ Bxd8 22. Bd3 Bf6 23. b5 Bxd4 24. bxc6 bxc6 25. Ne2 Bb6 26. h6 g6 27. O-O
c5 28. Bb5 a5 29. Nf4 Ra7 30. Rfe1 c4 31. Be8 a4 32. Bxf7+ Rxf7 33. Re8+ Rf8
34. Rxf8+ Kxf8 35. Nxd5 1-0

[Event "Tournoi d'Hiver 2010"]
[Site "CRELEL"]
[Date "2011.01.14"]
[Round "?"]
[White "Aydogdu, Hakan"]
[Black "Barbier, Frederic"]
[Result "1-0"]
[WhiteElo "1681"]
[BlackElo "1768"]
[PlyCount "120"]
[EventDate "2010.??.??"]

1. c4 e5 2. Nc3 Nf6 3. g3 c6 4. Bg2 d5 5. cxd5 cxd5 6. d4 e4 7. e3 Nc6 8. Nge2
Bd6 9. a3 O-O 10. O-O a6 11. Bd2 Bd7 12. Rc1 Na5 13. Rc2 Bf5 14. Na4 Nc4 15.
Qc1 Nxd2 16. Qxd2 b6 17. Rfc1 Bd7 18. Nac3 Bf5 19. b4 Qd7 20. Kh1 g5 21. Ng1
Kg7 22. Nd1 Rac8 23. Bf1 b5 24. Rc3 h5 25. h3 Bc7 26. Qe1 Qd6 27. Rc6 Qd8 28.
Rxa6 Bd7 29. Nc3 Qe8 30. Be2 Rb8 31. Rxf6 Kxf6 32. Nxd5+ Kg7 33. Nxc7 Qe7 34.
Rc5 Rfc8 35. Nd5 Qd6 36. Nc3 f5 37. Qd1 Rxc5 38. bxc5 Qh6 39. Qb3 f4 40. Qd5
Rd8 41. Bxb5 fxe3 42. fxe3 g4 43. Qe5+ Kg8 44. Bc4+ Kf8 45. Qf4+ Qxf4 46. gxf4
Ke7 47. Kh2 h4 48. hxg4 Bxg4 49. Nxe4 Rb8 50. Nc3 Rb2+ 51. Nge2 Rc2 52. Bd3 Rb2
53. Bb5 Rc2 54. a4 Bxe2 55. Nxe2 Rb2 56. Kh3 Rb3 57. Kxh4 Rxe3 58. Kg5 Re6 59.
d5 Re4 60. Kf5 Re3 1-0

[Event "Tournoi d'Hiver 2010"]
[Site "CRELEL"]
[Date "2010.12.10"]
[Round "2"]
[White "Aydogdu, Hakan"]
[Black "Nottet, Tristan"]
[Result "1/2-1/2"]
[WhiteElo "1681"]
[BlackElo "1625"]
[PlyCount "117"]
[EventDate "2010.??.??"]

1. c4 Nf6 2. Nc3 b6 3. Nf3 c5 4. g3 Bb7 5. Bg2 g6 6. d3 Bg7 7. Bf4 d6 8. Rb1
Nbd7 9. Qc2 O-O 10. O-O Rc8 11. e4 Re8 12. Rfe1 a6 13. Re2 Nh5 14. Bd2 Ne5 15.
Ng5 Nc6 16. Qd1 Nb4 17. Be1 Nc6 18. f4 Nd4 19. Rd2 e5 20. Nh3 exf4 21. Nxf4 Bh6
22. Rf2 Nxf4 23. gxf4 f5 24. exf5 Bxg2 25. Rxg2 Nxf5 26. Qf3 Ne3 27. Re2 Bg7
28. Bf2 Nf5 29. Rbe1 Rxe2 30. Rxe2 Bxc3 31. bxc3 Qf6 32. d4 cxd4 33. cxd4 Rxc4
34. Qd5+ Qf7 35. Re8+ Kg7 36. Qe4 Rc1+ 37. Kg2 Rc2 38. d5 b5 39. Ra8 Rc4 40.
Qb1 Ne7 41. Qd1 Qxf4 42. Rxa6 Qe4+ 43. Qf3 Qxf3+ 44. Kxf3 Nf5 45. Rb6 Rb4 46.
Bg3 Nxg3 47. hxg3 Kf6 48. Rxd6+ Ke5 49. Rd7 h5 50. Rg7 Rd4 51. Rxg6 Kf5 52. Rh6
Kg5 53. Rd6 Rd3+ 54. Kg2 Rd2+ 55. Kf3 Rxa2 56. Rd8 Rd2 57. d6 Kf6 58. Rb8 Rxd6
59. Rxb5 1/2-1/2

[Event "Tournoi d'Hiver 2010"]
[Site "CRELEL"]
[Date "2011.01.21"]
[Round "6"]
[White "Aydogdu, Hakan"]
[Black "Porteman, Eric"]
[Result "1-0"]
[WhiteElo "1681"]
[BlackElo "1937"]
[PlyCount "87"]
[EventDate "2010.??.??"]

1. c4 Nf6 2. Nf3 e6 3. Nc3 d5 4. cxd5 exd5 5. g3 d4 6. Qa4+ Nc6 7. Nb5 Bc5 8.
Qc2 Bb6 9. Bg2 O-O 10. O-O Nb4 11. Qc4 Nc6 12. d3 Be6 13. Qa4 a6 14. Na3 Qd7
15. Bd2 Rfe8 16. Rfe1 Bh3 17. Nc4 Ba7 18. Na5 b5 19. Qc2 Bxg2 20. Kxg2 Ne5 21.
Nxe5 Rxe5 22. Qc6 Qc8 23. Rac1 Bb6 24. Qf3 Rf5 25. Qc6 Rb8 26. Nb3 Rh5 27. h4
Qg4 28. Bg5 Qf5 29. Qf3 Qg6 30. Rc6 Rxg5 31. hxg5 Qxg5 32. Rh1 Re8 33. Rh4 Qe5
34. Kf1 a5 35. Rf4 a4 36. Nc1 Ba5 37. Rcxf6 Qc5 38. Rc6 Qb4 39. Rxf7 Qe1+ 40.
Kg2 Qd2 41. Qd5 Kh8 42. Qxb5 Kg8 43. Rcxc7 Re5 44. Qb8+ 1-0

[Event "Tournoi d'Hiver 2010"]
[Site "CRELEL"]
[Date "2010.12.03"]
[Round "1.8"]
[White "Barbier, Frederic"]
[Black "Ancion, Merowig"]
[Result "1-0"]
[WhiteElo "1768"]
[BlackElo "1808"]
[PlyCount "59"]
[EventDate "2010.??.??"]

1. c4 c5 2. Nc3 Nc6 3. Nf3 g6 4. g3 Bg7 5. Bg2 Nf6 6. O-O O-O 7. d3 d6 8. Bd2
Bd7 9. Rb1 Rb8 10. a3 a6 11. b4 cxb4 12. axb4 Qc8 13. b5 axb5 14. Nxb5 Bh3 15.
Be3 Bxg2 16. Kxg2 d5 17. Bf4 Ra8 18. Nc7 Ra5 19. Nxd5 Nxd5 20. cxd5 Rxd5 21.
Qb3 Rd7 22. Rfc1 Qa8 23. Kg1 Qa6 24. Rc2 Ra8 25. Be3 Qa4 26. Nd2 Qg4 27. Nc4
Na5 28. Nxa5 Rxa5 29. Rc8+ Bf8 30. Bh6 1-0

[Event "Tournoi d'Hiver 2010"]
[Site "CRELEL"]
[Date "2010.12.17"]
[Round "?"]
[White "Barbier, Frederic"]
[Black "Lievens, Robert"]
[Result "0-1"]
[WhiteElo "1768"]
[BlackElo "1571"]
[PlyCount "158"]
[EventDate "2010.??.??"]

1. c4 e5 2. Nc3 Nf6 3. Nf3 Nc6 4. g3 d6 5. Bg2 Be7 6. d3 O-O 7. O-O Bd7 8. a3
Rb8 9. b4 Qc8 10. Be3 b6 11. Ng5 h6 12. Nge4 Nd4 13. Nxf6+ Bxf6 14. Nd5 Bd8 15.
b5 Bh3 16. Bd2 Bxg2 17. Kxg2 f5 18. Bc3 Ne6 19. f4 exf4 20. Nxf4 Nxf4+ 21. Rxf4
Bg5 22. Rf3 Qb7 23. Bd2 Rbe8 24. Bxg5 hxg5 25. Kg1 g6 26. Qd2 g4 27. Rf4 Qc8
28. Raf1 Qe6 29. R4f2 Qe3 30. Qxe3 Rxe3 31. Rd1 Rfe8 32. Kf1 Kf7 33. Ke1 Kf6
34. Kd2 R8e5 35. Rb1 Ke7 36. Rc1 Kd7 37. Rc3 c5 38. bxc6+ Kxc6 39. Rb3 Re7 40.
a4 a6 41. Rc3 R3e5 42. d4 Ra5 43. Ra3 d5 44. Rf1 dxc4 45. Rc1 Kd5 46. e3 Rh7
47. Rh1 b5 48. Kc3 bxa4 49. Ra2 Rb7 50. h4 Rb3+ 51. Kd2 Ke4 52. Rf1 a3 53. Rf4+
Kd5 54. h5 Ke6 55. h6 Rb7 56. e4 Rh7 57. Kc3 Rxh6 58. Kxc4 Rh3 59. exf5+ gxf5
60. d5+ Rxd5 61. Rxa3 a5 62. Rf2 Rh8 63. Re2+ Kd6 64. Rae3 Rc8+ 65. Kb3 Rb8+
66. Ka3 Rd1 67. Re6+ Kd5 68. R6e5+ Kd4 69. Rxf5 Rd3+ 70. Ka4 Rxg3 71. Rf4+ Kd3
72. Ree4 Rb4+ 73. Rxb4 axb4 74. Kxb4 Ke3 75. Rf7 Rf3 76. Rg7 g3 77. Kc3 Kf2+
78. Kd4 g2 79. Ke4 Rf8 0-1

[Event "Tournoi d'Hiver 2010"]
[Site "CRELEL"]
[Date "2011.01.21"]
[Round "5"]
[White "Barbier, Frederic"]
[Black "Szigetvari, Andre"]
[Result "1-0"]
[WhiteElo "1768"]
[BlackElo "1782"]
[PlyCount "55"]
[EventDate "2010.??.??"]

1. c4 f5 2. Nf3 e6 3. Nc3 Nf6 4. d4 d5 5. Bf4 c6 6. e3 Be7 7. Be2 O-O 8. O-O
Bd7 9. a3 Be8 10. c5 Bh5 11. Ng5 Bxe2 12. Qxe2 Qd7 13. b4 h6 14. Nf3 a6 15. a4
Ne4 16. Qc2 g5 17. Be5 Qe8 18. Nd2 Nd7 19. f4 Nxe5 20. dxe5 Kh7 21. Ncxe4 fxe4
22. Nb3 Qg6 23. Nd4 Rac8 24. Qe2 Rf7 25. Qg4 a5 26. Nxe6 Ra8 27. f5 Qf6 28.
exf6 1-0

[Event "Tournoi d'Hiver 2010"]
[Site "CRELEL"]
[Date "2010.12.03"]
[Round "1"]
[White "Becker, Joseph"]
[Black "Arabia, Allan"]
[Result "1-0"]
[WhiteElo "1496"]
[BlackElo "1197"]
[PlyCount "23"]
[EventDate "2010.??.??"]

1. d4 d5 2. Bg5 Nc6 3. e3 Bf5 4. c4 Qd6 5. a3 e5 6. cxd5 Qxd5 7. Nc3 Qd7 8. d5
Nce7 9. Qb3 c6 10. Rd1 a6 11. Bc4 h6 12. dxc6 1-0

[Event "Tournoi d'Hiver 2010"]
[Site "CRELEL"]
[Date "2011.01.14"]
[Round "5"]
[White "Becker, Joseph"]
[Black "Moch, Jean"]
[Result "1-0"]
[WhiteElo "1496"]
[BlackElo "1184"]
[PlyCount "81"]
[EventDate "2010.??.??"]

1. d4 Nf6 2. Bg5 e6 3. e4 Be7 4. Bxf6 Bxf6 5. e5 Be7 6. Nf3 b6 7. a3 O-O 8. Bd3
d6 9. exd6 cxd6 10. O-O Bb7 11. c4 e5 12. d5 Nd7 13. Nc3 Nf6 14. Ng5 h6 15.
Nge4 a6 16. b4 b5 17. Nxf6+ Bxf6 18. cxb5 e4 19. bxa6 Bxa6 20. Bxa6 Bxc3 21.
Rc1 Bb2 22. Rc6 f5 23. Qb3 Be5 24. f4 Bf6 25. Qe3 g5 26. g3 gxf4 27. Qxf4 Bg5
28. Qxd6 Qxd6 29. Rxd6 f4 30. gxf4 Bxf4 31. Re6 e3 32. Kh1 Rad8 33. Bc4 Rf5 34.
Rg1+ Rg5 35. Rxg5+ hxg5 36. d6 Kf8 37. d7 Rxd7 38. Rf6+ Kg7 39. Re6 Rd1+ 40.
Kg2 Rd2+ 41. Kf1 1-0

[Event "Tournoi d'Hiver 2010"]
[Site "CRELEL"]
[Date "2010.12.10"]
[Round "2"]
[White "Champt, Victor"]
[Black "Albert, Julien"]
[Result "1-0"]
[WhiteElo "1616"]
[BlackElo "1673"]
[PlyCount "102"]
[EventDate "2010.??.??"]

1. e4 c5 2. Nc3 Nc6 3. g3 Nf6 4. Bg2 e6 5. Nge2 Be7 6. d3 O-O 7. O-O a6 8. f4
d6 9. Be3 Rb8 10. a3 Bd7 11. h3 b5 12. Bd2 Qb6 13. Kh1 Nd4 14. Rb1 b4 15. axb4
cxb4 16. Nxd4 Qxd4 17. Ne2 Qb6 18. b3 Ne8 19. Qc1 Nc7 20. Be3 Qb7 21. Nd4 e5
22. fxe5 dxe5 23. Nf5 Bf6 24. Bc5 Qb5 25. Bxf8 Kxf8 26. Qd1 Qc5 27. Qd2 Nb5 28.
Qe3 Qc7 29. Qd2 Nc3 30. Rbc1 a5 31. h4 Rc8 32. Ne3 Qd6 33. Nc4 Qc7 34. Ra1 Ra8
35. Ne3 Qc8 36. Kh2 Qc5 37. Nd5 Nxd5 38. exd5 Bb5 39. Rac1 e4 40. Bxe4 Bc3 41.
Qf4 f6 42. Bxh7 Re8 43. Be4 Bd7 44. h5 Be5 45. Qf2 Qc7 46. Rg1 Ke7 47. Rce1 Rh8
48. Bg6 Kf8 49. d4 Bd6 50. Re2 Bb5 51. Re6 Be7 1-0

[Event "Tournoi d'Hiver 2010"]
[Site "CRELEL"]
[Date "2011.01.21"]
[Round "6"]
[White "Champt, Victor"]
[Black "Magis, Pierre"]
[Result "0-1"]
[WhiteElo "1616"]
[BlackElo "1646"]
[PlyCount "56"]
[EventDate "2010.??.??"]

1. e4 c5 2. Nc3 d6 3. g3 Nf6 4. Bg2 g6 5. d3 Bg7 6. Nge2 O-O 7. O-O Nc6 8. h3
a6 9. Bg5 Qc7 10. Rb1 e6 11. a3 b5 12. Be3 Bb7 13. Qd2 Rfe8 14. Bh6 Bh8 15. f4
Rac8 16. f5 Ne5 17. fxg6 hxg6 18. Bg5 Nfd7 19. Nd1 d5 20. exd5 Bxd5 21. Ndc3
Bxg2 22. Kxg2 Qc6+ 23. Kg1 b4 24. Ne4 f5 25. d4 cxd4 26. Nxd4 Qxe4 27. axb4 Nc4
28. Qd1 Bxd4+ 0-1

[Event "Tournoi d'Hiver 2010"]
[Site "CRELEL"]
[Date "2010.12.10"]
[Round "2"]
[White "Dans, Guy"]
[Black "Becker, Joseph"]
[Result "1/2-1/2"]
[WhiteElo "1395"]
[BlackElo "1496"]
[PlyCount "59"]
[EventDate "2010.??.??"]

1. e4 c6 2. d4 d5 3. exd5 cxd5 4. Nf3 g6 5. Be2 Bg7 6. O-O Nf6 7. h3 O-O 8. Bf4
Nc6 9. c3 Re8 10. Nbd2 Nh5 11. Bh2 Bf6 12. Ne5 Ng7 13. Re1 Bxe5 14. dxe5 Rf8
15. Nb3 f6 16. exf6 Rxf6 17. Bf3 e6 18. Nd4 Nxd4 19. Qxd4 Qf8 20. Be5 Nf5 21.
Qd2 Rf7 22. Qg5 Qh6 23. Qxh6 Nxh6 24. Re3 Nf5 25. Re2 Bd7 26. a4 Nh4 27. Re3
Bc6 28. Bd4 Nxf3+ 29. gxf3 Bd7 30. Be5 1/2-1/2

[Event "Tournoi d'Hiver 2010"]
[Site "CRELEL"]
[Date "2010.12.03"]
[Round "1"]
[White "Dasse, Armand"]
[Black "Morgenthal, Renaud"]
[Result "1/2-1/2"]
[WhiteElo "1161"]
[BlackElo "1468"]
[PlyCount "47"]
[EventDate "2010.??.??"]

1. e4 e6 2. d4 d5 3. e5 c5 4. Nf3 Nc6 5. Bb5 Qb6 6. Bxc6+ bxc6 7. O-O cxd4 8.
Nxd4 c5 9. Nf3 Nh6 10. c4 Nf5 11. a4 a5 12. Na3 Ba6 13. Re1 g6 14. Rb1 Rb8 15.
Bg5 Bg7 16. Bf6 O-O 17. Bxg7 Kxg7 18. b3 d4 19. h3 Ne7 20. Nd2 Bb7 21. Nb5 Qc6
22. Qf3 Qxf3 23. Nxf3 Bxf3 24. gxf3 1/2-1/2

[Event "Tournoi d'Hiver 2010"]
[Site "CRELEL"]
[Date "2010.12.17"]
[Round "3"]
[White "Demblon, Jean-Luc"]
[Black "De Vettor, Marc"]
[Result "1-0"]
[WhiteElo "1603"]
[BlackElo "1727"]
[PlyCount "116"]
[EventDate "2010.??.??"]

1. e4 Nf6 2. Nc3 e5 3. Nf3 Nc6 4. Bc4 Bc5 5. d3 O-O 6. Bg5 d6 7. Nd5 Bg4 8. h3
Bh5 9. Nxf6+ gxf6 10. Bh6 Re8 11. g4 Bg6 12. h4 Ne7 13. h5 d5 14. exd5 Nxd5 15.
hxg6 hxg6 16. Qd2 Qd6 17. O-O-O Bb4 18. Qe2 Nc3 19. Qf1 Nxd1 20. Qxd1 e4 21.
Nd2 exd3 22. Bxd3 Qe6 23. Kb1 Rad8 24. Be3 Kg7 25. Qf3 Bxd2 26. Bxd2 Qd5 27.
Qd1 c5 28. Bh6+ Kg8 29. Be3 c4 30. Be2 Qg2 31. Qf1 Qxf1+ 32. Rxf1 b5 33. Bf3 a6
34. c3 Re6 35. Bd4 Rdd6 36. Rh1 g5 37. a3 Kg7 38. Bb7 Rd8 39. f3 Rh8 40. Rxh8
Kxh8 41. Bd5 Rd6 42. Bxf7 Kg7 43. Be8 Re6 44. Bd7 Re1+ 45. Kc2 Re2+ 46. Kc1
Re1+ 47. Kd2 Rb1 48. Kc2 Rh1 49. Bc8 Rh2+ 50. Kb1 Rh1+ 51. Ka2 Rf1 52. Bxa6
Rxf3 53. Bxb5 Rf4 54. Bd7 Re4 55. a4 Re7 56. Bf5 Rb7 57. Be6 Rc7 58. Ka3 Rc6
1-0

[Event "Tournoi d'Hiver 2010"]
[Site "CRELEL"]
[Date "2011.01.14"]
[Round "5"]
[White "Demblon, Jean-Luc"]
[Black "Renard, Alain"]
[Result "1-0"]
[WhiteElo "1603"]
[BlackElo "1560"]
[PlyCount "79"]
[EventDate "2010.??.??"]

1. e4 e6 2. d4 d5 3. e5 c5 4. c3 c4 5. Nf3 Nc6 6. Nbd2 f6 7. Nh4 g6 8. Nhf3
fxe5 9. dxe5 Bg7 10. Qe2 Nh6 11. b3 b5 12. Ba3 Nf7 13. Nd4 Ncxe5 14. bxc4 bxc4
15. Qd1 Bd7 16. Be2 Qc7 17. O-O Nd6 18. f4 Nd3 19. Bg4 Nf5 20. Bxf5 exf5 21.
Qe2+ Kf7 22. Qe7+ Kg8 23. Ne6 Qb6+ 24. Nc5 Bxc3 25. Rab1 Qc6 26. Nxd7 h6 27.
Nf3 Rh7 28. Nb8 Qc8 29. Qd6 Qe8 30. Qxd5+ Rf7 31. Qxa8 Qe3+ 32. Kh1 Nf2+ 33.
Rxf2 Qxf2 34. Nd7+ Kg7 35. Nde5 Qxa2 36. Rd1 Qe2 37. Qd5 Rc7 38. Qd6 Kg8 39.
Qxg6+ Rg7 40. Rd8# 1-0

[Event "Tournoi d'Hiver 2010"]
[Site "CRELEL"]
[Date "2010.12.03"]
[Round "1"]
[White "Demblon, Jean-Luc"]
[Black "Valentiny, Benoit"]
[Result "0-1"]
[WhiteElo "1603"]
[BlackElo "1855"]
[PlyCount "50"]
[EventDate "2010.??.??"]

1. e4 d6 2. d4 Nf6 3. Nc3 Nbd7 4. Nf3 e5 5. dxe5 dxe5 6. Bc4 Be7 7. O-O c6 8.
Qe2 b5 9. Bb3 O-O 10. Rd1 Qc7 11. a3 Nc5 12. Ba2 a5 13. b4 axb4 14. axb4 Ne6
15. Rb1 Nf4 16. Bxf4 exf4 17. Qe1 Bg4 18. Rd3 Rfe8 19. Ng5 Bh5 20. Rb2 Bg6 21.
f3 Nd7 22. Nh3 Bf6 23. Qd2 Ne5 24. Qxf4 Qa7+ 25. Qe3 Nxd3 0-1

[Event "Tournoi d'Hiver 2010"]
[Site "CRELEL"]
[Date "2010.12.17"]
[Round "3"]
[White "Evrard, Jean-Marie"]
[Black "Arabia, Allan"]
[Result "0-1"]
[WhiteElo "1150"]
[BlackElo "1197"]
[PlyCount "35"]
[EventDate "2010.??.??"]

1. c4 e5 2. Nc3 Nf6 3. g3 Bb4 4. Nf3 Nc6 5. Bg2 O-O 6. e4 Bxc3 7. dxc3 Nxe4 8.
Ng5 Nxg5 9. Bxg5 Qxg5 10. O-O d6 11. Qa4 Bd7 12. Qc2 Bf5 13. Qa4 e4 14. Rad1
Rad8 15. Rd5 Rfe8 16. Re1 Re5 17. Qb5 Rxd5 18. Qxd5 0-1

[Event "Tournoi d'Hiver 2010"]
[Site "CRELEL"]
[Date "2011.01.28"]
[Round "?"]
[White "Gerard, Olivier"]
[Black "Evrard, Jean-Marie"]
[Result "1-0"]
[WhiteElo "1150"]
[BlackElo "1161"]
[PlyCount "65"]
[EventDate "2010.??.??"]

1. d4 Nf6 2. c4 e6 3. Nc3 Bb4 4. Bd2 Bxc3 5. Bxc3 d5 6. e3 c6 7. Bd3 O-O 8. Qc2
Nbd7 9. Nf3 h6 10. O-O Re8 11. Ne5 Nxe5 12. dxe5 Ne4 13. Bxe4 dxe4 14. Rad1 Qh4
15. Rd4 Qg4 16. Rxe4 Qg6 17. f3 b5 18. Qf2 Bb7 19. Rg4 Qd3 20. Bd2 Rad8 21. Be1
g5 22. Qh4 Qxe3+ 23. Qf2 Qxe5 24. Qxa7 Rd1 25. Re4 Qb8 26. Qf2 f5 27. Rd4 Rd8
28. Bd2 Rxf1+ 29. Kxf1 bxc4 30. Bc3 Ba6 31. Qd2 Rxd4 32. Qxd4 Kf7 33. Qg7+ 1-0

[Event "Tournoi d'Hiver 2010"]
[Site "CRELEL"]
[Date "2011.01.28"]
[Round "7"]
[White "Giordano, Francesco"]
[Black "Ouamar, Mohamed"]
[Result "1-0"]
[WhiteElo "1327"]
[BlackElo "1150"]
[PlyCount "65"]
[EventDate "2010.??.??"]

1. e4 e5 2. Nf3 Nc6 3. Bb5 Qf6 4. c3 a6 5. Ba4 Bc5 6. O-O d6 7. d3 Nge7 8. Bg5
Qe6 9. d4 Bb6 10. d5 Nxd5 11. exd5 Qd7 12. dxc6 bxc6 13. Nbd2 f6 14. Bh4 O-O
15. Nc4 Bc5 16. Na5 d5 17. Bxc6 Qd6 18. Qxd5+ Be6 19. Qxd6 cxd6 20. Bxa8 Rxa8
21. Rad1 g5 22. Bg3 g4 23. Nh4 f5 24. Nxf5 Bxf5 25. Nb7 Bb6 26. Rxd6 Kg7 27.
Rxb6 Ra7 28. Nd6 Kf6 29. Nxf5+ Kxf5 30. Re1 e4 31. Rd6 h5 32. Red1 h4 33. R1d5#
1-0

[Event "Tournoi d'Hiver 2010"]
[Site "CRELEL"]
[Date "2011.01.21"]
[Round "6"]
[White "Hardy, Roger"]
[Black "Giordano, Francesco"]
[Result "1-0"]
[WhiteElo "1242"]
[BlackElo "1327"]
[PlyCount "39"]
[EventDate "2010.??.??"]

1. e4 e5 2. Nf3 Nc6 3. d4 exd4 4. Bc4 Nf6 5. e5 Ng4 6. Qe2 d5 7. exd6+ Be7 8.
dxe7 Qxe7 9. c3 Qxe2+ 10. Bxe2 dxc3 11. Nxc3 O-O 12. Nb5 Bf5 13. Nxc7 Rac8 14.
Nd5 Rfe8 15. Nc3 a6 16. O-O Nb4 17. Nd4 Nf6 18. Nxf5 Rc5 19. Nd6 Rb8 20. Rd1
1-0

[Event "Tournoi d'Hiver 2010"]
[Site "CRELEL"]
[Date "2011.01.07"]
[Round "4"]
[White "Iafelice, Luigi"]
[Black "Aydogdu, Hakan"]
[Result "1/2-1/2"]
[WhiteElo "1800"]
[BlackElo "1681"]
[PlyCount "80"]
[EventDate "2010.??.??"]

1. d4 d5 2. Bg5 Nf6 3. Bxf6 exf6 4. e3 Bf5 5. Nf3 Bd6 6. Nbd2 Nc6 7. a3 a6 8.
c4 dxc4 9. Bxc4 O-O 10. O-O h6 11. Rc1 Qd7 12. Re1 Rad8 13. Ba2 g5 14. Nf1 Rfe8
15. Ng3 Bg6 16. Bb1 Ne7 17. Bxg6 Nxg6 18. Qc2 c6 19. Rcd1 Bb8 20. b4 Qe6 21.
Qf5 Bxg3 22. Qxe6 Bxh2+ 23. Nxh2 Rxe6 24. f3 Rde8 25. Kf2 Rd6 26. g4 Red8 27.
Nf1 Rd5 28. Ng3 a5 29. Nf5 axb4 30. axb4 Rb5 31. Rb1 Ra8 32. Rb2 Ra4 33. Reb1
Kh7 34. Nd6 Rb6 35. Nxf7 Kg7 36. Nd6 Ne7 37. Nc4 Rba6 38. Nd2 Nd5 39. Ne4 Ra3
40. Re1 R6a4 1/2-1/2

[Event "Tournoi d'Hiver 2010"]
[Site "CRELEL"]
[Date "2010.12.10"]
[Round "2"]
[White "Iafelice, Luigi"]
[Black "Porteman, Eric"]
[Result "0-1"]
[WhiteElo "1800"]
[BlackElo "1937"]
[PlyCount "70"]
[EventDate "2010.??.??"]

1. d4 Nf6 2. Bg5 c5 3. Bxf6 exf6 4. d5 f5 5. Nc3 d6 6. e3 a6 7. a4 g6 8. Bc4
Bg7 9. Nge2 O-O 10. O-O Nd7 11. Nf4 Nf6 12. Rb1 Rb8 13. Re1 Re8 14. f3 Bd7 15.
Bf1 b5 16. axb5 axb5 17. Qd2 b4 18. Nd1 Ra8 19. c3 Qb6 20. Kh1 Ra4 21. c4 Ra2
22. Bd3 Ba4 23. Nf2 Nd7 24. g4 Bc3 25. Qe2 Bxe1 26. Rxe1 Qd8 27. Bb1 Ra1 28.
gxf5 Qg5 29. N2h3 Qe7 30. fxg6 hxg6 31. Qg2 Nf8 32. Ng5 Qxe3 33. Rxe3 Rxb1+ 34.
Qg1 Rxg1+ 35. Kxg1 Rxe3 0-1

[Event "Tournoi d'Hiver 2010"]
[Site "CRELEL"]
[Date "2011.01.21"]
[Round "6"]
[White "Iafelice, Luigi"]
[Black "Valentiny, Benoit"]
[Result "0-1"]
[WhiteElo "1800"]
[BlackElo "1855"]
[PlyCount "111"]
[EventDate "2010.??.??"]

1. e4 d6 2. d4 Nf6 3. Nc3 Nbd7 4. Nf3 e5 5. Bc4 Be7 6. O-O c6 7. Bb3 O-O 8. h3
b5 9. dxe5 dxe5 10. Qe2 Qc7 11. a4 b4 12. Nb1 Nc5 13. Nbd2 Nxb3 14. cxb3 a5 15.
Nc4 Ba6 16. Qc2 Nd7 17. Be3 Rfe8 18. Rfd1 Rad8 19. Rac1 Bb7 20. g4 Bf8 21. Bg5
f6 22. Be3 c5 23. Nfd2 Nb8 24. Nf1 Nc6 25. Ng3 Rxd1+ 26. Rxd1 Nd4 27. Bxd4 cxd4
28. Qd3 Ba6 29. Nf1 Re6 30. Nfd2 Rc6 31. Kg2 g6 32. Qf3 Bh6 33. Kg3 Bf4+ 34.
Kg2 Rc5 35. h4 Bb7 36. Qd3 Qd7 37. f3 Qc7 38. Rh1 Ba6 39. Rd1 Qg7 40. Kf2 Be3+
41. Ke2 Qh6 42. Rh1 Bxd2 43. Qxd2 Bxc4+ 44. bxc4 Qxd2+ 45. Kxd2 Rxc4 46. Rc1
Rxc1 47. Kxc1 Kf7 48. b3 h6 49. Kd2 h5 50. Kd3 g5 51. hxg5 h4 52. gxf6 Kxf6 53.
f4 h3 54. fxe5+ Kxe5 55. g5 h2 56. g6 0-1

[Event "Tournoi d'Hiver 2010"]
[Site "CRELEL"]
[Date "2011.01.28"]
[Round "7"]
[White "Laouar, Hassen"]
[Black "Thirion, Laetitia"]
[Result "1-0"]
[WhiteElo "1464"]
[BlackElo "1191"]
[PlyCount "51"]
[EventDate "2010.??.??"]

1. e4 e5 2. Nf3 Nc6 3. Bc4 d6 4. h3 f5 5. Nc3 Nf6 6. exf5 Bxf5 7. d3 Qd7 8. a4
a6 9. Ng5 Bg6 10. O-O d5 11. Ba2 Bb4 12. Ne2 O-O-O 13. c3 Be7 14. b4 h6 15. Nf3
e4 16. dxe4 Nxe4 17. b5 axb5 18. axb5 Na5 19. Ne5 Qd6 20. Bf4 Qf6 21. Bxd5 b6
22. c4 Bf5 23. Nf7 Rxd5 24. Qxd5 Rf8 25. Ne5 Bd6 26. Qa8# 1-0

[Event "Tournoi d'Hiver 2010"]
[Site "CRELEL"]
[Date "2010.12.10"]
[Round "2"]
[White "Laouar, Hassen"]
[Black "Thiry, Jean-Louis"]
[Result "1-0"]
[WhiteElo "1481"]
[BlackElo "1209"]
[PlyCount "59"]
[EventDate "2010.??.??"]

1. e4 c5 2. Bc4 Nc6 3. Nf3 e6 4. O-O d6 5. Nc3 Nf6 6. d3 a6 7. a3 Be7 8. h3 Qc7
9. Nh2 b5 10. Ba2 Bb7 11. f4 O-O-O 12. a4 Nd4 13. axb5 axb5 14. Be3 Qb6 15. Nf3
h6 16. Ne2 Nxf3+ 17. Rxf3 g5 18. fxg5 hxg5 19. Bxg5 c4+ 20. Be3 Qc7 21. Nd4 d5
22. Qf1 dxe4 23. dxe4 Nxe4 24. Nxb5 Qe5 25. Qxc4+ Nc5 26. Bf4 Qd5 27. Na7+ Kd7
28. Qb5+ Bc6 29. Nxc6 Qxf3 30. Na7+ 1-0

[Event "Tournoi d'Hiver 2010"]
[Site "CRELEL"]
[Date "2011.01.28"]
[Round "7"]
[White "Lievens, Robert"]
[Black "Albert, Julien"]
[Result "0-1"]
[WhiteElo "1594"]
[BlackElo "1673"]
[PlyCount "92"]
[EventDate "2010.??.??"]

1. e4 c5 2. Nf3 d6 3. d4 cxd4 4. Nxd4 Nf6 5. Nc3 a6 6. Bd3 e5 7. Nb3 Be6 8. Bg5
Be7 9. f3 O-O 10. Bxf6 Bxf6 11. Qd2 Nd7 12. Qe2 b5 13. Nd5 Nb6 14. Nxf6+ Qxf6
15. O-O Rfc8 16. Rfd1 Qe7 17. Rd2 f6 18. Rad1 Qf7 19. Qe3 Rab8 20. f4 d5 21. f5
Bd7 22. exd5 Nxd5 23. Qf3 Be8 24. Be4 Qa7+ 25. Qf2 Qxf2+ 26. Kxf2 Nb6 27. c3
Kf8 28. g4 Nc4 29. Rc2 Ke7 30. Nd2 Rd8 31. Ke2 Bf7 32. b3 Nb6 33. Nf3 Rbc8 34.
Bb7 Rc7 35. Bxa6 Nd5 36. Rdc1 Nf4+ 37. Kf1 Bd5 38. Nd2 Rcd7 39. Nb1 Be4 40.
Bxb5 Rd1+ 41. Rxd1 Rxd1+ 42. Kf2 Bxc2 43. Na3 Rd2+ 44. Ke1 Rxh2 45. Bf1 Nd3+
46. Bxd3 Bxd3 0-1